Cube numbers 1 - 10 - Statistics

General Stats
  • This quiz has been taken 1,828 times
  • The average score is 8 of 10
Answer Stats
... cubed = % Correct
1 1
100%
2 8
96%
3 27
94%
4 64
93%
5 125
91%
6 216
82%
10 1000
77%
7 343
76%
8 512
71%
9 729
69%
No matching quizzes found
Score Distribution
Percent of People with Each Score
Percentile by Number Answered
Your Score History
You have not taken this quiz